| 000 | 00876nam a2200181 a 4500 | ||
|---|---|---|---|
| 008 | 120416s0000 ||||||||||||||||| || u | ||
| 020 | _a8120312511 | ||
| 050 | _aTS 161 Dat | ||
| 100 | _aDatta, A. K | ||
| 245 | 1 | 0 | _aMaterials management |
| 246 | _aprocedures, text and cases | ||
| 250 | _a2nd ed. | ||
| 260 |
_aNew Delhi of India _bFT Prentice-Hall _c1998 |
||
| 350 | _a0.00 | ||
| 995 |
_aMAIN LIBRARY OPEN ACCESS _D0.00 _e732802 _FCBU-MAIN LIBRARY (Kitwe) _H3 _I32.00 _jTS 161 Dat _UAVAILABLE _WJul 5, 2006 _y44535 _ZMain Library Open Access Collection |
||
| 995 |
_aANNEX COLLECTION (Main Library) _D0.00 _e732803 _FCBU-MAIN LIBRARY (Kitwe) _H1 _I32.00 _jTS 161 Dat _M1 _UAVAILABLE _y44540 _ZAnnex Low-Usage Collection |
||
| 995 |
_aANNEX COLLECTION (Main Library) _D0.00 _e732801 _FCBU-MAIN LIBRARY (Kitwe) _H2 _I32.00 _jTS 161 Dat _UAVAILABLE _WMay 22, 2006 _y44538 _ZAnnex Low-Usage Collection |
||
| 999 |
_c82712 _d82712 |
||